PSYSIOEX 9.0 (Registro nro. 157726)
[ vista simple ]
| 000 -LEADER | |
|---|---|
| fixed length control field | 01328nam#a2200253 4500 |
| 001 - CONTROL NUMBER | |
| control field | 9788415552048 |
| 003 - CONTROL NUMBER IDENTIFIER | |
| control field | VST |
| 006 - FIXED-LENGTH DATA ELEMENTS--ADDITIONAL MATERIAL CHARACTERISTICS--GENERAL INFORMATION | |
| fixed length control field | m o d |
| 007 - PHYSICAL DESCRIPTION FIXED FIELD--GENERAL INFORMATION | |
| fixed length control field | cr#un#---uucau |
| 008 - FIXED-LENGTH DATA ELEMENTS--GENERAL INFORMATION | |
| fixed length control field | 210621s2012 MEX d |
| 020 ## - INTERNATIONAL STANDARD BOOK NUMBER | |
| International Standard Book Number | 9788415552048 |
| 040 ## - CATALOGING SOURCE | |
| Original cataloging agency | VST |
| Transcribing agency | VST |
| Modifying agency | VST |
| 100 1# - MAIN ENTRY--PERSONAL NAME | |
| Personal name | Peter Zao |
| Relator term | author |
| 245 10 - TITLE STATEMENT | |
| Title | PSYSIOEX 9.0 |
| 250 ## - | |
| -- | first edition |
| 260 ## - PUBLICATION, DISTRIBUTION, ETC. (IMPRINT) | |
| Place of publication, distribution, etc | Mexico : |
| 264 #1 - | |
| -- | Mexico : |
| -- | Pearson Educación, |
| -- | 2012 |
| 300 ## - PHYSICAL DESCRIPTION | |
| Extent | 1 online resource |
| 336 ## - | |
| -- | text |
| -- | txt |
| -- | rdacontent |
| 337 ## - | |
| -- | computer |
| -- | c |
| -- | rdamedia |
| 520 ## - SUMMARY, ETC. | |
| Summary, etc | PhysioEx es un programa de simulación y ejercicios de laboratorio fácil de usar que consiste en 12 ejercicios que contienen un total de 63 actividades de laboratorio de Fisiología. Se puede utilizar para complementar o sustituir a los laboratorios reales. PhysioEx permite a los estudiantes repetir los experimentos con la frecuencia que deseen, realizar experimentos sin dañar a animales y llevar a cabo aquellos que son difíciles de realizar en un laboratorio real por falta de tiempo, coste o problemas de seguridad. Con cada copia del manual de laboratorio se suministra un código de acceso a www.physioex.com |
| 856 40 - LOCALIZACIÓN Y ACCESO ELECTRÓNICO | |
| Identificador Uniforme del Recurso (URI/URL) | https://bc.vitalsource.com/tenants/Universidad_Insurgentes/libraries?bookmeta_vbid=9788415552048 |
| 999 ## - | |
| -- | 157726 |
| -- | 157726 |
No hay ítems disponibles.